| 000 | 00953nam a2200277Ia 4500 | ||
|---|---|---|---|
| 003 | OSt | ||
| 005 | 20221006155947.0 | ||
| 006 | a|||||r|||| 00| 0 | ||
| 007 | ta | ||
| 008 | 221006b |||||||| |||| 00| 0 eng d | ||
| 020 |
_a9780415670838 _c _41.95 |
||
| 024 | _a43,943 | ||
| 037 |
_bGift, Korean Embassy (Window on Korea) _cTextual |
||
| 040 |
_aEASL _cEASL _beng |
||
| 041 |
_2eng _aeng |
||
| 082 | _aV4952:192,(C9B3), Q1 | ||
| 100 |
_aPollack Jonathan D. _9671238 |
||
| 245 | 0 |
_aNo exit _b North Korea, nuclear weapons and international security |
|
| 260 |
_aLondon _bInternational Institute for Strategic Studies _c2011 |
||
| 300 |
_a247p. _ccm. |
||
| 490 |
_v KEL _aRoutledge Library Editions: Japan V.53 |
||
| 650 |
_a Nuclearisation of Korean strategy _9671239 |
||
| 650 | _aKEL | ||
| 942 |
_hV4952:192,(C9B3), Q1 _cTEXL _2CC |
||
| 999 |
_c1112035 _d1112035 |
||